000 00463nam a2200157 i 4500
001 69258
003 ES-MaACL
005 20230906170457.0
007 t|
008 040702s1903 sp ||||1| spa d
100 1 _aGarcía de Ancos, Enrique.
_954401
245 1 0 _aConsideraciones generales sobre el estado febril y su tratamiento /
_cEnrique García de Ancos.
260 _aBilbao :
_b[s.n.,
_c1903]
502 _aTesis doctoral.
852 _aES-MaACL
_jT-1048-F-5
999 _c69258
_d69258